000
00321nam a2200133Ia 4500
005
20251222144747.0
008
251222s9999||||xx |||||||||||||| ||spa||
020
_a
019-551663-X
082
_a
425.03/C76
100
_a
Conway, Darren
245
0
_a
On Course for Ielts:
264
_b
Oxford University Press
942
_c
LIB
999
_c
19194
_d
19194